Los secuestradores de burros

Saved in:
Bibliografiske detaljer
Hovedforfatter: Durrell, Gerald (Author)
Format: Bog
Sprog:spansk
Udgivet: Santiago Alfaguara 2004
Udgivelse:4a. ed
Serier:Alfaguara Infantil y Juvenil
Azul
Fag:
Tags: Tilføj Tag
Ingen Tags, Vær først til at tagge denne postø!

MARC

LEADER 00000nam a2200000 a 4500
001 UCG3650
003 CL-VaPUC
008 100909e20041200CL |||||||||||||||||spa|d
020 |a 9562391434 
082 0 4 |a 823  |b DUR  |2 21 
100 0 |a Durrell, Gerald  |e author  |9 552950 
245 1 4 |a Los secuestradores de burros 
250 |a 4a. ed 
300 |a 177 p 
942 |c BK 
945 |d 20100909 00:00:00  |a mfarfan 
260 |a Santiago  |b Alfaguara  |c 2004 
650 0 |a Literatura inglesa  |9 312907 
650 0 |a Escritores ingleses  |9 389424 
650 0 |a Novelas inglesas  |9 265220 
650 0 |a Literatura infantil   |9 307465 
583 |a last modification  |c 20100909 00:00:00  |k Rodrigo Vera 
490 0 |a Alfaguara Infantil y Juvenil 
490 0 |a Azul 
999 |c 342697  |d 342695